El mundo de un historiador (Record no. 177260)

MARC details
000 -LEADER
campo de control de longitud fija 00978nam a2200277 4500
001 - NÚMERO DE CONTROL
campo de control 177260
003 - IDENTIFICADOR DE NÚMERO DE CONTROL
campo de control ES-MaACL
005 - FECHA Y HORA DE LA ÚLTIMA TRANSACCIÓN
campo de control 20250730050444.0
008 - DATOS DE LONGITUD FIJA--INFORMACIÓN GENERAL
campo de control de longitud fija 110310s2009 sp aco |||| |bspa d
017 ## - NÚMERO DE COPYRIGHT O DE DEPÓSITO LEGAL
Número de copyright o de depósito legal SE 4477-2009
020 ## - NÚMERO INTERNACIONAL ESTÁNDAR DEL LIBRO
Número Internacional Estándar del Libro 9788496824515
080 ## - NÚMERO DE LA CLASIFICACIÓN DECIMAL UNIVERSAL
Número de la Clasificación Decimal Universal 929 Domínguez Ortiz, Antonio
100 1# - ENTRADA PRINCIPAL--NOMBRE DE PERSONA
Nombre de persona Moreno Alonso, Manuel.
9 (RLIN) 83321
245 13 - MENCIÓN DEL TÍTULO
Título El mundo de un historiador
Resto del título : Antonio Domínguez Ortiz /
Mención de responsabilidad, etc. Manuel Moreno Alonso.
250 ## - MENCION DE EDICION
Mención de edición 1ª ed.
260 ## - PUBLICACIÓN, DISTRIBUCIÓN, ETC.
Lugar de publicación, distribución, etc. Sevilla :
Nombre del editor, distribuidor, etc. Fundación José Manuel Lara,
Fecha de publicación, distribución, etc. 2009.
300 ## - DESCRIPCIÓN FÍSICA
Extensión 445 p., [8] p. de lám. fot. ;
Dimensiones 24 cm.
500 ## - NOTA GENERAL
Nota general Índice onomástico.
586 ## - NOTA DE PREMIOS
Nota de premios Premio Antonio Domínguez Ortiz de Biografías 2009
600 14 - PUNTO DE ACCESO ADICIONAL DE MATERIA--NOMBRE DE PERSONA
Nombre de persona Domínguez Ortiz, Antonio,
Fechas asociadas al nombre 1909-2003
9 (RLIN) 45233
710 2# - ENTRADA AGREGADA--NOMBRE DE ENTIDAD CORPORATIVA
Nombre de entidad corporativa o nombre de jurisdicción como elemento de entrada Fundación José Manuel Lara.
9 (RLIN) 4344
852 ## - LOCALIZACIÓN
Ubicación ES-MaACL
itemnumber 184077
Sublocalización o colección R.145587
Número de control de estantería A-11023
Signatura antigua Olim: N-4028
Ubicación en estantería Depósito 1
942 ## - ELEMENTOS DE ENTRADA SECUNDARIOS (KOHA)
Fuente del sistema de clasificación o colocación Clasificación decimal universal
Tipo de ítem Koha Libro impreso
Holdings
Estatus retirado Estado de pérdida Fuente del sistema de clasificación o colocación Estado de daño No para préstamo Biblioteca de origen Biblioteca actual Ubicación en estantería Fecha de adquisición Fuente de adquisición Total de préstamos Signatura topográfica completa Código de barras Visto por última vez Precio de reemplazo Tipo de ítem Koha
    Clasificación decimal universal     Biblioteca del Ateneo de Madrid Biblioteca del Ateneo de Madrid Depósito 1 10/03/2011 Compra   A-11023 1186171 23/02/2023 23/02/2023 Libro impreso